History True or False (Oceania) - Statistics

General Stats
  • This quiz has been taken 13 times
  • The average score is 4 of 5
Answer Stats
Question Answer % Correct
Tonga used to control a lot more islands, being the island conqueror True
100%
The Marshall Islands were German for a while. True
100%
Nauru gained independence in 1930. False
75%
Fiji was an independent country before the British. True
50%
The United States owned Wallis and Futuna during World War 2. False
25%
No matching quizzes found
Score Distribution
Percent of People with Each Score
Percentile by Number Answered
Your Score History
You have not taken this quiz